Homenaje a Ghazala Azmat (notice n° 1702331)

détails MARC
000 -LEADER
fixed length control field 02020cam a2200157 4500500
005 - DATE AND TIME OF LATEST TRANSACTION
control field 20260315013239.0
041 ## - LANGUAGE CODE
Language code of text/sound track or separate title fre
042 ## - AUTHENTICATION CODE
Authentication code dc
100 10 - MAIN ENTRY--PERSONAL NAME
Personal name Thebault, Georgia
Relator term author
245 00 - TITLE STATEMENT
Title Homenaje a Ghazala Azmat
260 ## - PUBLICATION, DISTRIBUTION, ETC.
Date of publication, distribution, etc. 2026.<br/>
500 ## - GENERAL NOTE
General note 64
520 ## - SUMMARY, ETC.
Summary, etc. A finales de 2024, Francia contaba con más de un millón de aprendices, de los cuales más del 63 por ciento aspiraba a obtener certificaciones de bachillerato Bac+2 y superiores. Estos estudiantes de educación superior en régimen de alternancia constituyen, por lo tanto, un grupo muy presente en las organizaciones que es necesario comprender para poder aplicar una gestión de recursos humanos adaptada a sus características específicas. En este trabajo, hemos revisado las expectativas profesionales de los aprendices en la educación superior, cuyos últimos trabajos datan de hace más de diez años. Nuestra encuesta realizada a 222 personas en la primavera de 2024 muestra que estos aprendices tienen expectativas idénticas a las de otros jóvenes (aprender, formarse y tener autonomía), pero también específicas (consideración por el aspecto académico de su situación y apoyo en este sentido). Por lo tanto, el objetivo de la alternancia en la educación superior no es solo operativo o utilitario para los estudiantes; considerar el trabajo académico es tan importante como la adquisición de competencias. En conclusión, nuestro estudio y los trabajos previos realizados sobre los aprendices de educación superior son los primeros pasos hacia un marco teórico específico para la gestión de recursos humanos en esta población. Será útil realizar futuros trabajos para revisar los campos teóricos primarios en los que se basa la gestión de recursos humanos a la luz de las particularidades de esta población de empleados.
786 0# - DATA SOURCE ENTRY
Note Revue économique | 76 | 4 | 2026-01-16 | p. 503-504 | 0035-2764
856 41 - ELECTRONIC LOCATION AND ACCESS
Uniform Resource Identifier <a href="https://shs.cairn.info/revista-revue-economique-2025-4-page-503?lang=es&redirect-ssocas=7080">https://shs.cairn.info/revista-revue-economique-2025-4-page-503?lang=es&redirect-ssocas=7080</a>

Pas d'exemplaire disponible.

PLUDOC

PLUDOC est la plateforme unique et centralisée de gestion des bibliothèques physiques et numériques de Guinée administré par le CEDUST. Elle est la plus grande base de données de ressources documentaires pour les Étudiants, Enseignants chercheurs et Chercheurs de Guinée.

Adresse

627 919 101/664 919 101

25 boulevard du commerce
Kaloum, Conakry, Guinée

Réseaux sociaux

Powered by Netsen Group @ 2025